Capoluoghi di Provincia di 6 Lettere - Statistics

Statistiche generali
  • Questo quiz è stato fatto 51 volte
  • Il punteggio medio è 19 su 26
Statistiche sulle risposte
Lettera iniziale Capoluogo di Regione % Corretto
G Genova
91%
V Verona
91%
A Ancona
89%
M Milano
89%
N Napoli
89%
T Torino
86%
A Arezzo
80%
N Novara
80%
S Savona
80%
M Matera
77%
R Rovigo
77%
V Varese
77%
F Foggia
75%
M Modena
75%
P Padova
75%
R Ragusa
73%
R Rimini
73%
B Biella
70%
L Latina
70%
T Teramo
70%
T Trento
61%
C Cesena
57%
P Pesaro
57%
C Chieti
55%
U Urbino
55%
A Andria
52%
Nessun quiz corrispondente trovato
Distribuzione punteggi
Percentuale di utenti per punteggio
Percentile per numero di risposta
I tuoi punteggi nel tempo
Non hai fatto questo quiz